[Event "Massy Op"]
[Site "Massy"]
[Date "10.06.29"]
[Round "?"]
[White "Yallaoui , Jean"]
[Black "Bounya, Myriam"]
[Result "0-1"]
[WhiteElo "1719"]
[BlackElo "1812"]
[PlyCount "142"]
[EventDate "2010.06.??"]
[EventType "swiss"]
[EventRounds "7"]
[EventCountry "FRA"]
[WhiteTeamCountry "FRA"]
[BlackTeamCountry "FRA"]

1. c4 Nf6 2. Nc3 c5 3. g3 g6 4. Bg2 Bg7 5. e3 Nc6 6. a3 O-O 7. Nge2 d6 8. O-O
Bg4 9. f3 Be6 10. d3 Rb8 11. Rb1 Qc8 12. Re1 Bf5 13. e4 Bd7 14. Be3 Ne8 15. d4
cxd4 16. Nxd4 Na5 17. Nd5 Qd8 18. b3 Nc6 19. c5 e6 20. Nxc6 Bxc6 21. Nb4 d5 22.
exd5 exd5 23. Bd4 Nc7 24. Bxg7 Kxg7 25. Qd4+ Kg8 26. Rbd1 a5 27. Nc2 Ne6 28.
Qc3 b6 29. cxb6 Qxb6+ 30. Kh1 Ba8 31. b4 Rfc8 32. Qd2 axb4 33. Nxb4 d4 34. f4
Qd6 35. Rc1 Bxg2+ 36. Qxg2 Rc3 37. Rxc3 dxc3 38. Qd5 Qxd5+ 39. Nxd5 c2 40. Nb4
Rc8 41. Rc1 Nd4 42. Kg2 Rc3 43. Kf2 Rxa3 44. Ke1 Nf3+ 45. Kf2 Nxh2 46. Kg2 Ng4
47. Nxc2 Rc3 48. Kh3 Nf2+ 49. Kg2 Nd3 50. Rd1 Rxc2+ 51. Kf3 Nb4 52. Rd8+ Kg7
53. Rd7 Rc3+ 54. Kg2 Kf6 55. Rd4 Nc6 56. Rd6+ Ke7 57. Rd1 f5 58. Re1+ Kf7 59.
Rh1 h5 60. Re1 Ne7 61. Rd1 Ng8 62. Rd7+ Ke6 63. Rg7 Ne7 64. Rh7 Nd5 65. Rh8 Nf6
66. Ra8 Ne4 67. Ra6+ Kf7 68. Ra7+ Kg8 69. Ra8+ Kg7 70. Ra7+ Kh6 71. Ra8 Rxg3+
0-1

[Event "Massy Op"]
[Site "Massy"]
[Date "10.06.29"]
[Round "?"]
[White "Preschez,  Francois"]
[Black "Lavabre, Fabien"]
[Result "*"]
[WhiteElo "1850"]
[BlackElo "2236"]
[PlyCount "112"]
[EventDate "2010.06.??"]
[EventType "swiss"]
[EventRounds "7"]
[EventCountry "FRA"]
[WhiteTeamCountry "FRA"]
[BlackTeamCountry "FRA"]

1. e4 c5 2. Nf3 d6 3. d4 Nf6 4. Nc3 cxd4 5. Nxd4 a6 6. Be3 e5 7. Nb3 Be7 8. f3
O-O 9. Qd2 Be6 10. Nd5 Bxd5 11. exd5 Nbd7 12. O-O-O Qc7 13. Kb1 Rfc8 14. Rc1 a5
15. a4 Nb6 16. Bxb6 Qxb6 17. Bb5 Qd8 18. g3 Nh5 19. Qf2 Qc7 20. c4 b6 21. h4 f5
22. Bc6 Rab8 23. Nd2 Rf8 24. Qg2 Kh8 25. Rce1 Rf7 26. Ka2 Rbf8 27. Ka1 Qd8 28.
Ka2 Rf6 29. Qf2 Rg6 30. Nf1 Nxg3 31. Nxg3 Bxh4 32. Rxh4 Qxh4 33. Qxb6 Qxc4+ 34.
b3 Qc2+ 35. Ka3 Rxg3 36. Qxa5 Rxf3 37. Qb4 Rf2 38. Qxd6 Qb2+ 39. Kb4 Qd4+ 40.
Kb5 Rg8 41. Qxe5 Qd3+ 42. Ka5 Qxb3 43. d6 Ra2 44. Qd4 Rxa4+ 45. Qxa4 Qc3+ 46.
Kb6 Qxe1 47. Qd4 Qb1+ 48. Kc5 Qc2+ 49. Kb6 Qb3+ 50. Kc5 Qa3+ 51. Kb6 f4 52. d7
Qf8 53. Qe5 f3 54. Qe1 f2 55. Qf1 Qb4+ 56. Ka6 Qd6 *

[Event "Massy Op"]
[Site "Massy"]
[Date "10.06.29"]
[Round "?"]
[White "Saliou , Ronan"]
[Black "Tirel,  Marcel"]
[Result "0-1"]
[WhiteElo "1210"]
[BlackElo "1680"]
[PlyCount "124"]
[EventDate "2010.06.??"]
[EventType "swiss"]
[EventRounds "7"]
[EventCountry "FRA"]
[WhiteTeamCountry "FRA"]
[BlackTeamCountry "FRA"]

1. d4 Nf6 2. c4 g6 3. Nc3 d5 4. e3 Bg7 5. Nf3 O-O 6. Bd3 Nc6 7. O-O Bg4 8. c5
a6 9. h3 Bd7 10. Re1 e6 11. e4 dxe4 12. Nxe4 Nb4 13. Bg5 Nbd5 14. Qd2 Re8 15.
Bh6 Bh8 16. Nxf6+ Bxf6 17. Bg5 Bc6 18. Be4 Bxg5 19. Nxg5 Qd7 20. f4 Rad8 21.
Rad1 f5 22. Bf3 h6 23. Ne4 fxe4 24. Bxe4 Qg7 25. Qf2 Rf8 26. Qg3 Rf6 27. Rf1
Rdf8 28. Rf2 Kh7 29. Rdf1 Bb5 30. Re1 Bc6 31. Ref1 Ne7 32. Bxc6 Nxc6 33. Qe3
Ne7 34. g3 Nf5 35. Qd3 Rd8 36. Qe4 c6 37. Rd1 Nxg3 38. Qe3 Nf5 39. Qc3 Rd5 40.
b4 Qd7 41. Rfd2 Rf8 42. h4 h5 43. Kh2 Qe7 44. Qh3 Qxh4 45. Rd3 Qxf4+ 46. Kh1
Qh4 47. Qh2 Qxh2+ 48. Kxh2 Rfd8 49. Kh3 Rxd4 50. Rxd4 Rxd4 51. Rg1 Rh4+ 52. Kg2
Rg4+ 53. Kf2 Rxg1 54. Kxg1 e5 55. Kf2 e4 56. a4 g5 57. b5 axb5 58. axb5 cxb5
59. Ke2 b4 60. Kd2 b3 61. Kc3 e3 62. Kxb3 e2 0-1

[Event "Massy Op"]
[Site "Massy"]
[Date "10.06.29"]
[Round "?"]
[White "Pernet, Roger"]
[Black "Berthier, Hugo"]
[Result "1-0"]
[WhiteElo "1804"]
[BlackElo "2199"]
[PlyCount "61"]
[EventDate "2010.06.??"]
[EventType "swiss"]
[EventRounds "7"]
[EventCountry "FRA"]
[WhiteTeamCountry "FRA"]
[BlackTeamCountry "FRA"]

1. f4 e5 2. fxe5 d6 3. exd6 Bxd6 4. Nf3 g5 5. g3 g4 6. Nh4 Ne7 7. d4 Ng6 8.
Nxg6 hxg6 9. Qd3 Nc6 10. c3 Qe7 11. Bg2 Bd7 12. Nd2 O-O-O 13. Nc4 Rh5 14. Nxd6+
cxd6 15. Bd2 Rdh8 16. O-O-O Rxh2 17. Rxh2 Rxh2 18. Bxc6 Bxc6 19. d5 Bd7 20. e4
a6 21. Qc4+ Kb8 22. Be3 f5 23. Bf4 g5 24. Be3 Rg2 25. Rh1 Qe8 26. Qd4 Qxe4 27.
Rh8+ Be8 28. Qxe4 fxe4 29. Rxe8+ Kc7 30. Rxe4 Rxg3 31. Bxg5 1-0

[Event "Massy Op"]
[Site "Massy"]
[Date "10.06.29"]
[Round "?"]
[White "Demetz , Yves"]
[Black "Nguyen, Vincent"]
[Result "0-1"]
[WhiteElo "1833"]
[BlackElo "2211"]
[PlyCount "57"]
[EventDate "2010.06.??"]
[EventType "swiss"]
[EventRounds "7"]
[EventCountry "FRA"]
[WhiteTeamCountry "FRA"]
[BlackTeamCountry "FRA"]

1. e4 e6 2. d4 d5 3. e5 c5 4. c3 Qb6 5. Nf3 Nc6 6. Bd3 cxd4 7. cxd4 Bd7 8. O-O
Nxd4 9. Nxd4 Qxd4 10. Nc3 a6 11. Qe2 Rc8 12. Kh1 Qh4 13. f4 Bc5 14. f5 Qd4 15.
Bd2 Be7 16. Rf4 Qb6 17. Qg4 Qxb2 18. Rd1 g5 19. f6 gxf4 20. Qg7 Rxc3 21. Bxc3
Qxc3 22. Qxh8 Bf8 23. Qxg8 Ba4 24. Qg4 Bxd1 25. Qxd1 Qxe5 26. Qa4+ Kd8 27. Qa5+
Qc7 28. Qe1 Bb4 29. Qf1 0-1

[Event "Massy Op"]
[Site "Massy"]
[Date "10.06.29"]
[Round "?"]
[White "Legrand, Stephane"]
[Black "Guilleux, Fabien"]
[Result "0-1"]
[WhiteElo "2129"]
[BlackElo "2394"]
[PlyCount "68"]
[EventDate "2010.06.??"]
[EventType "swiss"]
[EventRounds "7"]
[EventCountry "FRA"]
[WhiteTeamCountry "FRA"]
[BlackTeamCountry "FRA"]

1. d4 Nf6 2. Nf3 g6 3. c4 Bg7 4. g3 d5 5. cxd5 Nxd5 6. Bg2 Nb6 7. Nc3 Nc6 8.
O-O Nxd4 9. Nxd4 Qxd4 10. a4 a6 11. a5 Qxd1 12. Rxd1 Bxc3 13. bxc3 Nc4 14. Ra4
Nd6 15. Bf4 Bd7 16. Rb4 Bc6 17. Rdb1 f6 18. Bxd6 exd6 19. c4 O-O-O 20. Bxc6
bxc6 21. Rb7 Kd7 22. Ra7 Ra8 23. Rbb7 Rxa7 24. Rxa7 Re8 25. e3 Re4 26. Rxa6
Rxc4 27. Ra8 c5 28. Rh8 Ra4 29. Rxh7+ Kc6 30. Rh6 Ra1+ 31. Kg2 c4 32. Kf3 c3
33. Rh4 Kc5 34. Rh7 c6 0-1

[Event "Massy Op"]
[Site "Massy"]
[Date "10.06.29"]
[Round "?"]
[White "Saunier, Jean Francois"]
[Black "Robert, Jean Marie"]
[Result "0-1"]
[WhiteElo "1729"]
[BlackElo "1834"]
[PlyCount "70"]
[EventDate "2010.06.??"]
[EventType "swiss"]
[EventRounds "7"]
[EventCountry "FRA"]
[WhiteTeamCountry "FRA"]
[BlackTeamCountry "FRA"]

1. e4 c5 2. Nf3 d6 3. d4 cxd4 4. Nxd4 Nf6 5. Nc3 a6 6. Bg5 e6 7. f3 b5 8. Qd2
Bb7 9. O-O-O Nbd7 10. h4 Qc7 11. Nb3 b4 12. Ne2 d5 13. exd5 Nxd5 14. Bf4 Qb6
15. Ned4 Be7 16. Bg3 Rc8 17. Kb1 Bf6 18. Be2 O-O 19. f4 Nc5 20. Nxc5 Qxc5 21.
Nb3 Qc7 22. Bd3 Rfd8 23. Qc1 a5 24. Qd2 a4 25. Nc1 a3 26. Ne2 Bxb2 27. f5 Qc5
28. fxe6 fxe6 29. Rhe1 Bc3 30. Qc1 Bxe1 31. Rxe1 Qb6 32. Be5 Nc3+ 33. Ka1 Nxe2
34. Bxh7+ Kxh7 35. Rxe2 Rd7 0-1

[Event "Massy Op"]
[Site "Massy"]
[Date "10.06.29"]
[Round "?"]
[White "Champagne, Pascal"]
[Black "Legrand , Francoise"]
[Result "1/2-1/2"]
[WhiteElo "1685"]
[BlackElo "1763"]
[PlyCount "97"]
[EventDate "2010.06.??"]
[EventType "swiss"]
[EventRounds "7"]
[EventCountry "FRA"]
[WhiteTeamCountry "FRA"]
[BlackTeamCountry "FRA"]

1. d4 d6 2. Nf3 Nf6 3. c4 Nbd7 4. Nc3 e5 5. e4 Be7 6. d5 c6 7. Qc2 O-O 8. Be2
a5 9. a4 Nc5 10. Be3 Na6 11. Qc1 Ng4 12. O-O Nxe3 13. Qxe3 Nb4 14. Bd1 f5 15.
Na2 fxe4 16. Qxe4 Bf5 17. Qe1 Bd3 18. Nxb4 Bxf1 19. Kxf1 axb4 20. Qxb4 Qc7 21.
b3 Bf6 22. Ra2 c5 23. Qe1 Rae8 24. Bc2 Qe7 25. Bf5 Qc7 26. Qe4 g6 27. Be6+ Kh8
28. h4 Qg7 29. g4 Bd8 30. Ke2 Rf4 31. Qe3 Ref8 32. Ng5 Bxg5 33. hxg5 Rxf2+ 34.
Qxf2 Rxf2+ 35. Kxf2 e4 36. Re2 Qd4+ 37. Re3 Qd2+ 38. Re2 Qf4+ 39. Ke1 Qxg5 40.
Rxe4 Qc1+ 41. Kf2 Qd2+ 42. Re2 Qd4+ 43. Ke1 Qc3+ 44. Kf1 Qxb3 45. Rf2 Qxc4+ 46.
Ke1 Qe4+ 47. Kf1 Qe3 48. Kg2 Qe4+ 49. Kg1 1/2-1/2

[Event "Massy Op"]
[Site "Massy"]
[Date "10.06.29"]
[Round "?"]
[White "Gandolfo, Georges"]
[Black "Barchilon, Jean Charles"]
[Result "0-1"]
[WhiteElo "1604"]
[BlackElo "1946"]
[PlyCount "97"]
[EventDate "2010.06.??"]
[EventType "swiss"]
[EventRounds "7"]
[EventCountry "FRA"]
[WhiteTeamCountry "FRA"]
[BlackTeamCountry "FRA"]

1. d4 d5 2. Nf3 Nf6 3. Nc3 g6 4. Bd2 Bg7 5. e3 b6 6. Ne5 Bb7 7. Bb5+ c6 8. Be2
Nbd7 9. f4 O-O 10. O-O Qc7 11. h3 Ne8 12. Nxd7 Qxd7 13. Bg4 Qd8 14. Be2 c5 15.
Be1 e6 16. g3 Nd6 17. Kh2 Rc8 18. Rb1 a6 19. Bf2 Qc7 20. h4 Rfe8 21. Qd2 Qc6
22. Rg1 f6 23. Rbc1 e5 24. Bf3 e4 25. Be2 c4 26. Nd1 Ra8 27. c3 b5 28. a3 a5
29. Be1 Bc8 30. Nf2 Bd7 31. Qd1 Reb8 32. g4 Bf8 33. Ra1 Nf7 34. Qc1 Ra7 35. Bd1
Rba8 36. Kh1 Qb7 37. f5 b4 38. axb4 axb4 39. Rxa7 Rxa7 40. fxg6 hxg6 41. Nh3 b3
42. Nf4 Kg7 43. Bg3 Ra2 44. Be2 Nd6 45. Kh2 Nc8 46. h5 g5 47. Ng6 Ba3 48. Qf1
Rxb2 49. Kh3 0-1

[Event "Massy Op"]
[Site "Massy"]
[Date "10.06.29"]
[Round "?"]
[White "Msellek, Ilyass"]
[Black "Veron, Cyprien"]
[Result "1/2-1/2"]
[WhiteElo "2024"]
[BlackElo "2087"]
[PlyCount "42"]
[EventDate "2010.06.??"]
[EventType "swiss"]
[EventRounds "7"]
[EventCountry "FRA"]
[WhiteTeamCountry "FRA"]
[BlackTeamCountry "FRA"]

1. Nf3 Nf6 2. d4 d5 3. e3 c6 4. Bd3 g6 5. O-O Bg7 6. Nbd2 O-O 7. b3 Nbd7 8. Bb2
e5 9. Nxe5 Nxe5 10. dxe5 Ng4 11. Nf3 Qc7 12. c4 dxc4 13. Bxc4 Rd8 14. Qe2 Nxe5
15. Nxe5 Bxe5 16. Rad1 Bf5 17. Rxd8+ Rxd8 18. Bxe5 Qxe5 19. Rd1 Qf6 20. Rxd8+
Qxd8 21. e4 Be6 1/2-1/2

[Event "Massy Op"]
[Site "Massy"]
[Date "10.06.29"]
[Round "?"]
[White "Trkulja , Nicolas"]
[Black "Imbert, Gerard"]
[Result "1/2-1/2"]
[WhiteElo "1725"]
[BlackElo "1694"]
[PlyCount "68"]
[EventDate "2010.06.??"]
[EventType "swiss"]
[EventRounds "7"]
[EventCountry "FRA"]
[WhiteTeamCountry "FRA"]
[BlackTeamCountry "FRA"]

1. d4 Nf6 2. c4 e6 3. Nc3 d5 4. Bg5 Be7 5. e3 a6 6. Rc1 dxc4 7. Bxc4 b5 8. Bd3
Bb7 9. Nf3 Nbd7 10. O-O Rc8 11. Qe2 c5 12. Rfd1 c4 13. Bb1 Nd5 14. Nxd5 Bxg5
15. Nxg5 Qxg5 16. Nf4 O-O 17. Qh5 Qxh5 18. Nxh5 g6 19. Ng3 Nf6 20. a3 Rfe8 21.
f3 Re7 22. Ne2 Nd5 23. Kf2 Rec7 24. Be4 Nf6 25. Bxb7 Rxb7 26. b3 Rbc7 27. b4
Nd5 28. e4 Nb6 29. Nc3 Rd8 30. Rd2 Rcd7 31. Rcd1 e5 32. d5 Rd6 33. h4 h5 34. g3
f6 1/2-1/2

[Event "Massy Op"]
[Site "Massy"]
[Date "10.06.29"]
[Round "?"]
[White "Trommsdorf, Fro"]
[Black "De Lagontrie, Jean"]
[Result "1-0"]
[WhiteElo "2069"]
[BlackElo "1965"]
[PlyCount "45"]
[EventDate "2010.06.??"]
[EventType "swiss"]
[EventRounds "7"]
[EventCountry "FRA"]
[WhiteTeamCountry "FRA"]
[BlackTeamCountry "FRA"]

1. Nf3 d5 2. g3 c5 3. Bg2 d4 4. d3 Nc6 5. c3 e5 6. Nbd2 Bd6 7. Nc4 Nge7 8. O-O
O-O 9. Ng5 Bc7 10. a4 Rb8 11. Bd2 f5 12. Qb3 Kh8 13. Na3 a6 14. Nf7+ Rxf7 15.
Qxf7 b5 16. axb5 axb5 17. c4 bxc4 18. Nxc4 h6 19. Bxh6 gxh6 20. Qf6+ Kh7 21.
Bxc6 Nxc6 22. Qxc6 Bb7 23. Qxc5 1-0

[Event "Massy Op"]
[Site "Massy"]
[Date "10.06.29"]
[Round "?"]
[White "Bagoe, Stephen"]
[Black "Gaudin, Roger"]
[Result "0-1"]
[WhiteElo "1703"]
[BlackElo "1597"]
[PlyCount "69"]
[EventDate "2010.06.??"]
[EventType "swiss"]
[EventRounds "7"]
[EventCountry "FRA"]
[WhiteTeamCountry "FRA"]
[BlackTeamCountry "FRA"]

1. c4 c6 2. g3 d5 3. cxd5 cxd5 4. d4 Nf6 5. Nc3 Bf5 6. Bg2 e6 7. Nf3 Bb4 8. O-O
O-O 9. a3 Ba5 10. b4 Bc7 11. Re1 Nc6 12. Bg5 h6 13. Bd2 Bg4 14. h3 Bxf3 15.
exf3 Nxd4 16. Bxh6 Nf5 17. Bg5 Bb6 18. g4 Nd6 19. Na4 Bc7 20. Rc1 Nc4 21. Qd3
Rc8 22. f4 b6 23. Qc3 Qd7 24. Bxf6 gxf6 25. Nb2 Bxf4 26. Rcd1 Be5 27. Rxe5 Nxe5
28. Qd2 Nc4 29. Qd4 Qe7 30. g5 fxg5 31. h4 Nxb2 32. Qxb2 Rc4 33. hxg5 Qxg5 34.
Kh2 Qh5+ 35. Kg1 0-1

[Event "Massy Op"]
[Site "Massy"]
[Date "10.06.29"]
[Round "?"]
[White "Albaric, Etienne"]
[Black "Rubcke, Horst"]
[Result "0-1"]
[WhiteElo "1727"]
[BlackElo "1615"]
[PlyCount "66"]
[EventDate "2010.06.??"]
[EventType "swiss"]
[EventRounds "7"]
[EventCountry "FRA"]
[WhiteTeamCountry "FRA"]
[BlackTeamCountry "FRA"]

1. e4 e5 2. Nf3 d6 3. Bc4 Be7 4. h3 Nf6 5. d3 Bd7 6. O-O Nc6 7. a3 Qc8 8. Kh2
h6 9. Ng1 g5 10. f3 Nd4 11. c3 Ne6 12. Qb3 Rh7 13. Ne2 Nh5 14. Rg1 Nhf4 15.
Bxf4 Nxf4 16. Nxf4 gxf4 17. Rh1 c6 18. Qc2 Rg7 19. Qe2 Rg3 20. Qf1 Bh4 21. d4
Rg5 22. dxe5 Bg3+ 23. Kg1 Rxe5 24. Qd3 Qc7 25. Nd2 O-O-O 26. Qd4 c5 27. Qd3 Be6
28. Kf1 d5 29. exd5 Bxd5 30. Qh7 Qd6 31. Be2 c4 32. Qc2 Qc5 33. Ne4 Bxe4 0-1

[Event "Massy Op"]
[Site "Massy"]
[Date "10.06.29"]
[Round "?"]
[White "Jonas, Joseph"]
[Black "Benmenni, Boubekeur"]
[Result "0-1"]
[WhiteElo "1630"]
[BlackElo "1726"]
[PlyCount "64"]
[EventDate "2010.06.??"]
[EventType "swiss"]
[EventRounds "7"]
[EventCountry "FRA"]
[WhiteTeamCountry "FRA"]
[BlackTeamCountry "FRA"]

1. e4 d6 2. d4 Nd7 3. Nf3 e5 4. c3 Ngf6 5. Bd3 c5 6. O-O Be7 7. Re1 O-O 8. Nbd2
cxd4 9. cxd4 Qb6 10. Nc4 Qc7 11. dxe5 Nxe5 12. Ncxe5 dxe5 13. Bg5 Qd6 14. Bf1
h6 15. Bh4 Bg4 16. Qxd6 Bxd6 17. Nd2 Bb4 18. Nc4 Bxe1 19. Rxe1 Nd7 20. f3 Be6
21. Rd1 f6 22. b3 Rfd8 23. Na5 Nc5 24. Rc1 b6 25. Nc6 Rd2 26. Ra1 a5 27. Bb5 a4
28. Be1 Rc2 29. Nb4 axb3 30. Nxc2 bxc2 31. Bd2 Rxa2 32. Rc1 Nb3 0-1

[Event "Massy Op"]
[Site "Massy"]
[Date "10.06.29"]
[Round "?"]
[White "Andre, Philippe"]
[Black "Mousset Evtouchenko, Nina"]
[Result "1-0"]
[WhiteElo "1793"]
[BlackElo "1735"]
[PlyCount "32"]
[EventDate "2010.06.??"]
[EventType "swiss"]
[EventRounds "7"]
[EventCountry "FRA"]
[WhiteTeamCountry "FRA"]
[BlackTeamCountry "FRA"]

1. e4 e6 2. d4 d5 3. e5 c5 4. c3 Nc6 5. Nf3 Qb6 6. Bd3 cxd4 7. cxd4 Bb4+ 8. Nc3
Nge7 9. O-O O-O 10. Bxh7+ Kh8 11. Bc2 g6 12. a3 Bxc3 13. bxc3 Ng8 14. Ng5 f5
15. Qf3 Nh6 16. Qh3 Kg7 1-0

[Event "Massy Op"]
[Site "Massy"]
[Date "10.06.29"]
[Round "?"]
[White "Baldi, Valentine"]
[Black "Dean, Pietro"]
[Result "1-0"]
[WhiteElo "1622"]
[BlackElo "1479"]
[PlyCount "45"]
[EventDate "2010.06.??"]
[EventType "swiss"]
[EventRounds "7"]
[EventCountry "FRA"]
[WhiteTeamCountry "FRA"]
[BlackTeamCountry "FRA"]

1. d4 Nf6 2. c4 d6 3. Nc3 g6 4. e4 Nbd7 5. Nf3 e5 6. Bg5 Bg7 7. Be2 O-O 8. O-O
Re8 9. Rc1 c5 10. dxc5 dxc5 11. Qc2 Qb6 12. Nd5 Nxd5 13. cxd5 Qd6 14. Rfd1 b6
15. Nd2 f6 16. Nc4 Qf8 17. Be3 Rd8 18. a4 Nb8 19. a5 b5 20. Na3 Nd7 21. Nxb5
Ba6 22. Nc7 Bxe2 23. Qxe2 1-0

[Event "Massy Op"]
[Site "Massy"]
[Date "10.06.29"]
[Round "?"]
[White "Ghersi , Kader"]
[Black "Plantet, Marc"]
[Result "0-1"]
[WhiteElo "1759"]
[BlackElo "1914"]
[PlyCount "54"]
[EventDate "2010.06.??"]
[EventType "swiss"]
[EventRounds "7"]
[EventCountry "FRA"]
[WhiteTeamCountry "FRA"]
[BlackTeamCountry "FRA"]

1. e4 c6 2. d4 d5 3. exd5 cxd5 4. c4 Nf6 5. Nc3 Nc6 6. Nf3 Bg4 7. Be3 e5 8. h3
exd4 9. Bxd4 Bxf3 10. gxf3 Bb4 11. Bxf6 Qxf6 12. Rc1 d4 13. a3 dxc3 14. axb4
cxb2 15. Qe2+ Kf8 16. Rb1 Re8 17. Qxe8+ Kxe8 18. b5 Qc3+ 19. Kd1 Qxf3+ 20. Kc2
Nd4+ 21. Kd2 Qxh1 22. Re1+ Kd7 23. c5 Nf3+ 24. Kc3 Nxe1 25. Bg2 Qxg2 26. f3
Qc2+ 27. Kd4 Qd3+ 0-1

[Event "Massy Op"]
[Site "Massy"]
[Date "10.06.29"]
[Round "?"]
[White "Levesque, Thomas"]
[Black "Frere,  Bruno"]
[Result "0-1"]
[WhiteElo "1974"]
[BlackElo "1797"]
[PlyCount "140"]
[EventDate "2010.06.??"]
[EventType "swiss"]
[EventRounds "7"]
[EventCountry "FRA"]
[WhiteTeamCountry "FRA"]
[BlackTeamCountry "FRA"]

1. d4 g6 2. c4 Bg7 3. Nc3 Nf6 4. e4 d6 5. f4 c6 6. Nf3 Na6 7. Bd3 Nc7 8. O-O
Bg4 9. e5 Nd7 10. exd6 Bxd4+ 11. Kh1 Ne6 12. Ne4 O-O 13. h3 Bxf3 14. Qxf3 exd6
15. Nxd6 Ndc5 16. Ne4 Nxd3 17. Qxd3 f5 18. Ng3 Qf6 19. Rb1 Rad8 20. Qc2 Rd7 21.
b4 Rfd8 22. Ne2 Qh4 23. Kh2 Bg7 24. Be3 b6 25. Rbd1 Qe7 26. a3 Ng5 27. Bxb6
axb6 28. fxg5 Qxg5 29. Rxd7 Rxd7 30. Rd1 Qe7 31. Rxd7 Qxd7 32. a4 Qd6+ 33. g3
Qxb4 34. Kg2 Qe7 35. Qd3 Qe4+ 36. Qxe4 fxe4 37. Kf2 Bh6 38. c5 Bf8 39. cxb6
Bc5+ 40. Kf1 Bxb6 41. Nc3 e3 42. Ne4 h6 43. g4 Kf7 44. Ke2 Ke6 45. Kf3 Ke5 46.
Ng3 Kd4 47. Ke2 Kc4 48. a5 Ba7 49. Ne4 Kb5 50. Nf6 Kxa5 51. Ng8 h5 52. g5 Bc5
53. Nh6 Kb6 54. Nf7 Bd4 55. Kd3 c5 56. Nd6 Kc6 57. Ne4 Kd5 58. Ng3 Ke5 59. h4
Kf4 60. Ne2+ Kg4 61. Ke4 Kxh4 62. Kf4 Kh3 63. Kf3 Kh2 64. Nf4 Kg1 65. Ke2 h4
66. Kf3 Kf1 67. Ne2 h3 68. Ng3+ Ke1 69. Ne4 Kd1 70. Ng3 h2 0-1

[Event "Massy Op"]
[Site "Massy"]
[Date "10.06.29"]
[Round "?"]
[White "Frere , Mehdi"]
[Black "Deutsche , Gerald"]
[Result "0-1"]
[WhiteElo "1320"]
[BlackElo "1440"]
[PlyCount "100"]
[EventDate "2010.06.??"]
[EventType "swiss"]
[EventRounds "7"]
[EventCountry "FRA"]
[WhiteTeamCountry "FRA"]
[BlackTeamCountry "FRA"]

1. e4 e6 2. Bc4 Nc6 3. Bb5 Nd4 4. Nc3 a6 5. Be2 b5 6. Nf3 Nxe2 7. Nxe2 Bb7 8.
d3 Nf6 9. O-O Be7 10. Bf4 O-O 11. Ned4 d6 12. e5 Ng4 13. exd6 cxd6 14. Ng5 Bxg5
15. Qxg4 Bxf4 16. Qxf4 e5 17. Qe3 exd4 18. Qxd4 Qd7 19. c4 Qc6 20. f3 Rac8 21.
b3 Rfd8 22. Rf2 d5 23. cxb5 Qxb5 24. Re1 h6 25. Rfe2 a5 26. Re7 Re8 27. Qf4
Qc5+ 28. d4 Rxe7 29. dxc5 Rxe1+ 30. Kf2 Rce8 31. Qd2 R1e2+ 32. Qxe2 Rxe2+ 33.
Kxe2 Kf8 34. Kd3 Ke7 35. a3 Kd7 36. Kd4 f6 37. f4 Ke6 38. g3 g5 39. fxg5 fxg5
40. h3 h5 41. b4 axb4 42. axb4 Bc6 43. h4 gxh4 44. gxh4 Bb5 45. Ke3 Ke5 46. Kf3
d4 47. Kf2 Ke4 48. Ke1 Ke3 49. Kd1 d3 50. Ke1 d2+ 0-1

[Event "Massy Op"]
[Site "Massy"]
[Date "10.06.29"]
[Round "?"]
[White "Bastin, Eugene"]
[Black "Vernier,  Maurice"]
[Result "1-0"]
[WhiteElo "1489"]
[BlackElo "1360"]
[PlyCount "69"]
[EventDate "2010.06.??"]
[EventType "swiss"]
[EventRounds "7"]
[EventCountry "FRA"]
[WhiteTeamCountry "FRA"]
[BlackTeamCountry "FRA"]

1. c4 d6 2. d4 g6 3. g3 Bg7 4. Bg2 Nf6 5. Nc3 O-O 6. e3 Nbd7 7. b4 Ne8 8. Nge2
c6 9. O-O Ndf6 10. h3 Bd7 11. Bb2 Qc8 12. Kh2 h5 13. e4 Nh7 14. Bc1 g5 15. f4
g4 16. h4 Nc7 17. Rb1 f5 18. d5 Qd8 19. Bb2 e5 20. fxe5 Bxe5 21. Nf4 Qf6 22.
Qd2 a5 23. dxc6 Bxc6 24. b5 Bd7 25. Ncd5 Nxd5 26. Bxe5 Qxe5 27. exd5 Qg7 28.
Rbe1 Rae8 29. Qxa5 Ra8 30. Qb6 Rxa2 31. Qxd6 Rfa8 32. Re7 Qf6 33. Qxd7 Rxg2+
34. Nxg2 Nf8 35. Qxb7 1-0

[Event "Massy Op"]
[Site "Massy"]
[Date "10.06.29"]
[Round "?"]
[White "Laigle , Corinne"]
[Black "Pommier, Eugene"]
[Result "0-1"]
[WhiteElo "1160"]
[BlackElo "1511"]
[PlyCount "56"]
[EventDate "2010.06.??"]
[EventType "swiss"]
[EventRounds "7"]
[EventCountry "FRA"]
[WhiteTeamCountry "FRA"]
[BlackTeamCountry "FRA"]

1. d4 d5 2. Bf4 Nf6 3. Nc3 c6 4. Nf3 Nbd7 5. Qd2 e6 6. O-O-O Bb4 7. Qd3 Qa5 8.
Kb1 Bxc3 9. bxc3 Ne4 10. Bd2 Nxf2 11. c4 Qb6+ 12. Qb3 Nxd1 13. e3 Nf2 14. Rg1
a5 15. cxd5 exd5 16. Be2 a4 17. Ng5 axb3 18. cxb3 Nf6 19. Nf3 Bf5+ 20. e4 Bxe4+
21. Kb2 Bxf3 22. Bxf3 Qxd4+ 23. Bc3 Nd3+ 24. Kc2 Rxa2+ 25. Bb2 Nb4+ 26. Kb1
Qxg1+ 27. Bc1 Qf1 28. h3 Qd3# 0-1

[Event "Massy Op"]
[Site "Massy"]
[Date "10.06.29"]
[Round "?"]
[White "Perolle, Guy"]
[Black "Tchimichkian, Vardan"]
[Result "0-1"]
[WhiteElo "1693"]
[BlackElo "1565"]
[PlyCount "121"]
[EventDate "2010.06.??"]
[EventType "swiss"]
[EventRounds "7"]
[EventCountry "FRA"]
[WhiteTeamCountry "FRA"]
[BlackTeamCountry "FRA"]

1. d4 e5 2. d5 f5 3. e3 Nf6 4. a3 Bc5 5. b4 Bb6 6. c4 a6 7. Ne2 O-O 8. Nbc3 d6
9. g3 f4 10. gxf4 Ng4 11. h4 exf4 12. Na4 fxe3 13. Nxb6 exf2+ 14. Kd2 cxb6 15.
Qb3 Nd7 16. Bb2 Qe7 17. Bd4 Nde5 18. Rc1 Nf3+ 19. Kc3 Nxd4 20. Nxd4 Qe1+ 21.
Kb2 Qd2+ 22. Nc2 Ne5 23. Qe3 Qxe3 24. Nxe3 Rf3 25. Rc3 Bd7 26. Nc2 Raf8 27. Nd4
R3f6 28. Kb3 Rg6 29. Ne2 Nf3 30. Kb2 Ng1 31. Rg3 Rxg3 32. Nxg3 Rf3 33. Ne2 Bh3
34. Bxh3 Nxh3 35. Rf1 Nf4 36. Nd4 Nd3+ 37. Kc2 Ne1+ 38. Kb2 Rf4 39. Kc3 Nf3 40.
Rxf2 Nxd4 41. Rxf4 Ne2+ 42. Kd3 Nxf4+ 43. Ke4 Ng6 44. h5 Ne5 45. c5 Kf7 46. c6
bxc6 47. dxc6 Nxc6 48. Kd5 Nxb4+ 49. axb4 a5 50. b5 a4 51. Kc4 a3 52. Kb3 a2
53. Kxa2 Ke6 54. Kb3 Kd5 55. Kc3 Kc5 56. Kd3 g5 57. Ke4 d5+ 58. Kf5 d4 59. Kxg5
d3 60. Kh6 d2 61. Kxh7 0-1

[Event "Massy Op"]
[Site "Massy"]
[Date "10.06.29"]
[Round "?"]
[White "Cambus , Patrick"]
[Black "Legrand , Antoine"]
[Result "1-0"]
[WhiteElo "1728"]
[BlackElo "1668"]
[PlyCount "135"]
[EventDate "2010.06.??"]
[EventType "swiss"]
[EventRounds "7"]
[EventCountry "FRA"]
[WhiteTeamCountry "FRA"]
[BlackTeamCountry "FRA"]

1. e4 c5 2. d4 cxd4 3. c3 dxc3 4. Nxc3 e6 5. Bc4 Bb4 6. Nf3 Bxc3+ 7. bxc3 Qc7
8. Qd3 Nc6 9. O-O Nge7 10. Ba3 O-O 11. Bd6 Qd8 12. e5 a6 13. a4 Re8 14. Rad1
Ng6 15. h4 Nxh4 16. g3 Nxf3+ 17. Qxf3 Qa5 18. Bd3 Nxe5 19. Qh5 h6 20. Bxe5 d6
21. f4 Qc5+ 22. Kh2 dxe5 23. fxe5 Re7 24. Qf3 Qxe5 25. Rde1 Qc7 26. Qe4 g6 27.
Rf6 Qxc3 28. Ref1 Qd2+ 29. R1f2 Qg5 30. Qb4 Rd7 31. Bxg6 a5 32. Qa3 Kg7 33. Qc3
e5 34. Bxf7 Qxf6 35. Rxf6 Kxf6 36. Qf3+ Ke7 37. Bd5 Ra6 38. Qf7+ Kd6 39. Qg8
Kc7 40. Bc4 Rad6 41. Be2 Rc6 42. Qa2 b6 43. Bb5 Rc5 44. Bxd7 Bxd7 45. Kg1 Rc3
46. Kf2 e4 47. Qb2 e3+ 48. Ke1 Rc5 49. Qd4 Rc6 50. Ke2 Rg6 51. Qc4+ Rc6 52.
Qf4+ Kb7 53. Kxe3 Rc3+ 54. Kd4 Ra3 55. Qxh6 Rxa4+ 56. Kd5 Rg4 57. Qh7 Kc7 58.
Qc2+ Kb7 59. Qc3 Ba4 60. Kd6 Rg6+ 61. Ke5 b5 62. Qxa5 Rxg3 63. Qe1 Rb3 64. Kd4
Ka6 65. Kc5 Kb7 66. Qe7+ Kc8 67. Kb6 Rc3 68. Qe6+ 1-0